LEADER 01271cam0-22003251i-450- 001 990004777340403321 005 20140220151934.0 035 $a000477734 035 $aFED01000477734 035 $a(Aleph)000477734FED01 035 $a000477734 100 $a19990604d1711----km-y0itay50------ba 101 0 $alat 102 $aNL 140 $aa-------------------bb0----- 200 1 $aDe fluminibus, fontibus, lacubus, nemoribus, paludibus, montibus, gentibus, quorum apud poëtas mentio fit ex recensione Francisci Hesselii cum ejusdem adnotationibus$fVibius Sequester$gex recensione Francisci Hesselii cum eiusdem adnotationibus 210 $aRoterodami$capud Arnoldum Willis bibliopolam$d1711 215 $a[60], 295, [1] p.$d18 cm 610 0 $aIdrografia$aSec. 4. 676 $a610.9$v22$zita 676 $a870$v22$zita 700 1$aVibius :$cSequester$0386113 702 1$aHessell,$bFranz 801 0$aIT$bUNINA$gRICA$2UNIMARC 901 $aAQ 912 $a990004777340403321 952 $aSG 870 A/99$bR. Bibl. 3489/1558$fFLFBC 959 $aFLFBC 996 $aDe fluminibus, fontibus, lacubus, nemoribus, paludibus, montibus, gentibus, quorum apud poëtas mentio fit ex recensione Francisci Hesselii cum ejusdem adnotationibus$9559855 997 $aUNINA LEADER 01292cam1-2200373---450 001 990000533850203316 005 20181106160631.0 035 $a0053385 035 $aUSA010053385 035 $a(ALEPH)000053385USA01 035 $a0053385 100 $a20010702g19719999km-y0itay5003----ba 101 0 $aita 102 $aIT 105 $ay|||||||001yy 200 1 $a<> leggi eversive del secolo XIX e le vicende degli ordini religiosi della provincia di Principato Citeriore$ericerche storiche$fp. Gabriele Cuomo o.f.m. 210 $aMercato S. Severino$cLinotipografia Moriniello$d1971- 215 $avolumi$d24 cm 606 0 $aOrdini religiosi$yNapoli $zSec. 19.$2BNCF 676 $a271.009457 700 1$aCUOMO,$bCandido$0183358 801 0$aIT$bsalbc$gISBD 912 $a990000533850203316 951 $aX.2.A. 467/(V G 89/)$bL.M.$cX.2. 959 $aBK 969 $aUMA 969 $aFVIG 979 $aPATTY$b90$c20010702$lUSA01$h0952 979 $aPATTY$b90$c20010702$lUSA01$h0952 979 $aPATTY$b90$c20011116$lUSA01$h1128 979 $c20020403$lUSA01$h1702 979 $aPATRY$b90$c20040406$lUSA01$h1637 996 $aLeggi eversive del secolo XIX e le vicende degli ordini religiosi della provincia di Principato Citeriore$91477952 997 $aUNISA